| 000 | 00826nam a2200229 a 4500 | ||
|---|---|---|---|
| 001 | 56350 | ||
| 003 | BD-RjUL | ||
| 005 | 20211209080402.0 | ||
| 008 | 161128s1981 ii ||||| |||| 00| 0 ben d | ||
| 035 | _a(BD-RjUL)56474 | ||
| 040 |
_aBD-RjUL _bben _cBD-RjUL _dBD-RjUL |
||
| 041 | _aben | ||
| 082 |
_223 _a657.45 _bSEH 1981 |
||
| 100 |
_aসেন, রথীন্দ্রনাথ _9147623 |
||
| 245 | 1 | 0 |
_aহিসাব-পরীক্ষা শাস্ত্র = (Auditing) / _cরথীন্দ্রনাথ সেন |
| 250 | _aপরি. ২য় সং | ||
| 260 |
_aকলিকাতা : _bপ্রকাশ ভবন, _c১৯৮১ |
||
| 300 |
_aবিভিন্ন পৃ.; _c২১ সেমি. |
||
| 650 |
_aহিসাবরক্ষণ _9123415 |
||
| 650 |
_aAuditing _9147624 |
||
| 942 |
_2ddc _cBK |
||
| 999 |
_c56350 _d56350 |
||